| 000 | 00645nam a2200229Ia 4500 | ||
|---|---|---|---|
| 008 | 160216s9999 xx 000 0 und d | ||
| 050 | _aFIL TK 5105.875 | ||
| 050 | _b.I57C75 2011 c.1 | ||
| 100 | _aCrisostomo, Conchita Camba. | ||
| 245 | _aInternet technology : | ||
| 245 | _bwith HTML and introduction to web page design / | ||
| 245 | _cConchita Camba Crisostomo. | ||
| 250 | _a3rd Edition | ||
| 260 | _aManila : | ||
| 260 | _b3K-IT Educational Services, | ||
| 260 | _c2011 | ||
| 300 | _a194 pages : | ||
| 300 | _bill. ; | ||
| 300 | _c23 cm. | ||
| 500 | _aInludes bibliographical references. | ||
| 650 | _aInternet technology. | ||
| 999 |
_c290962 _d290962 |
||